Statistiques concernant Départements français les plus peuplés

Cliquez ici pour prendre le quiz!

Statistiques générales

  • Ce quiz a été pris 203 fois
  • Le résultat moyen est 16 sur 20

Statistiques - réponses

RangPopulationDépartement% Correct
22 220 445Paris
100%
32 006 069Bouches-du-Rhône
94%
41 801 885Rhône
94%
12 603 472Nord
91%
71 526 016Gironde
88%
61 571 028Seine-Saint-Denis
87%
181 112 815Bas-Rhin
85%
91 421 670Yvelines
85%
121 346 392Loire-Atlantique
84%
111 365 039Val-de-Marne
81%
201 083 312Alpes-Maritimes
80%
171 205 539Val-d'Oise
80%
141 268 228Essonne
78%
101 377 846Seine-et-Marne
77%
131 317 668Haute-Garonne
76%
191 107 398Hérault
76%
81 472 589Pas-de-Calais
76%
51 597 770Hauts-de-Seine
75%
161 243 597Isère
63%
151 257 920Seine-Maritime
62%

Distribution des résultats

Percentile par nombre de réponses

% des personnes avec chaque résultat

Votre développement - résultats

Vous n’avez pas pris ce quiz